000 00632cam a2200181 4500
001 WB3714-51
008 000000n2001 000 0 eng u
035 _a(Sirsi) u111887
245 _aExtensification payment scheme 2001
260 _c2001
490 _aMAFF News Release
_v(12201) 3 April 2001 (1)
520 _aThe first check date for the Extensification Payment Scheme 2001 for the period January/February is 19 February 2001. The 2001 payment rates are still to be finalised
590 _aWB
650 _aEXTENSIFICATION PAYMENTS
650 _aAGENDA 2000
690 _aRURAL-AGRICULTURE AND FORESTRY
942 _n0
999 _c66682
_d66682